000 00200 a2200097 4500
020 _a8484001423
041 _aspa
100 _aAnonimo
245 _aCuentos y Leyendas de Amor para Niǫs
942 _cBK
999 _c15151
_d15151